| 000 | 00513nam a2200181Ia 4500 | ||
|---|---|---|---|
| 008 | 240925s9999 xx 000 0 und d | ||
| 020 | _a9788120338104 | ||
| 082 | _a004.36 CRI | ||
| 100 | _aCrichlow M. Joel | ||
| 245 | 0 | _aDistributed Systems: computing over networks | |
| 250 | _a1st | ||
| 260 |
_aNew Delhi: _bPHI Learning _c,2009. |
||
| 300 |
_axvi,489p. _bNA _fOriginal |
||
| 500 | _aIncludes Index | ||
| 600 | _aComputer Science | ||
| 650 | _aComputer science, information & general works | ||
| 942 | _cBK | ||
| 999 |
_c12375 _d12375 |
||